000 01418nam0a2200349 4500
001 RU\NLR\BIBL_A\022391564
005 20260407164409.0
010 _a978-5-17-166581-4
_92000
035 _a(NLR Aleph) 022391564
090 _a13332240
_c13332240
100 _a20241126d2024 |||y0rusy50 ca
101 0 _arus
102 _aRU
105 _aac z 000yy
181 0 _ai3
_baxxe
182 0 _an
200 1 _aИгры 1980. Изменившие мир
_e[о XXII Летних Олимпийских играх 1980 года]
_fсоставитель: Анастасия Климина
203 _aТекст
_bвизуальный
_cнепосредственный
210 _aМосква
_cАСТ, Времена
_d2024
215 _a254, [1] с., [8] л. ил., цв. ил., портр.
_cил.
_d25
225 1 _aСерия "Открывая СССР"
320 _aБиблиогр.: с. 252-253 и в подстроч. примеч.
333 _a16+
601 1 2 _aЛетние олимпийские игры
_d22
_eМосква, город
_f1980
_92390612
_3RU\NLR\AUTH\6601646097
686 1 _aЧ514(0)902-22
702 1 _aКлимина
_bА.
_gАнастасия
_4220
711 1 2 _aОлимпийские игры
_d22
_f1980
_eМосква
_3RU\NLR\AUTH\8810103590
_9707739
942 _cBOOK
980 _aNB